| 000 | 00907namaa22001931 4500 | ||
|---|---|---|---|
| 001 | 173811 | ||
| 003 | ES-MaACL | ||
| 005 | 20251011165010.0 | ||
| 008 | 100122s1876 sp |||| | spa d | ||
| 100 | 1 |
_aGranés, Salvador María. _9127535 |
|
| 245 | 1 | 3 |
_aEl marsellés _b: (parodia de La Marsellesa) : zarzuela en un acto y cuatro cuadros / _cletra de Salvador Maria Granés ; música de Manuel Nieto. |
| 260 |
_aMadrid : _b[s.n.], _c1876 ( _fVelasco y Romero) |
||
| 300 |
_a41 p. ; _c19 cm. |
||
| 500 | _aSolo la letra. | ||
| 500 | _aEn port.: Representada con extraordinario éxito en el teatro Jovellanos, el 22 de abril de 1876. | ||
| 700 | 1 |
_aNieto, Manuel, _d1844-1915 _9130485 |
|
| 852 |
_aES-MaACL _jF-8616(6) _e.- Enc. pasta española _q.- Falto de la cub. original _z.- Enc. en un vol. facticio formando parte de la col. facticia "Teatro español moderno", vol. 71 |
||
| 999 |
_c173811 _d173811 |
||